zpět

Detail výsledku týmu

The PUB Praha 6 , Praha

Datum a čas kvízu

33.5 Celkem bodů Celkový počet nahraných bodů na tomto kvízu bez doplňovacích otázek.
3. Pořadí na kvízu Konečné umístění týmu na tomto kvízu.

Zaznamenané odpovědi

# Otázka Odpověď Body Výsledky
1. Ve čtvrtek byly zveřejněny výs... Václav Havel, Václav Klaus, Petr Pavel 0
2. Ve čtvrtek jsme si připomněli... Myanmar (Barma) 1
3. Napište jména známého muže a ž... Jeff Bezos, Lauren Sánchez 1
4. Jak se jmenuje nově zvolený ge... Hynek Chudárek 1
5. V Ostravě se konal tradiční at... 400 m překážek 0
6. Ve filmové sérii Muži v černém... J a K 1
7. Napište originální anglický ná... The Hangover 1
8. Seřaďte jednotlivé díly filmov... 1B 2C 3D 4A 0
9. Jak se jmenovala dcera Edwarda... A 1
10. Závěrem se podíváme blíže na H... z hadů 1